000 00614nam a2200229 a 4500
999 _c9431
_d9431
001 9431
003 BD-JhCC
005 20180529113630.0
008 180314s1984 us a|||| |||| 000 0 eng d
020 _a0838413021
035 _a(BD-JhCC)9431
040 _aBD-JhCC
_dBD-JhCC
041 _aeng
082 _a482.64
_bMUR 1984
100 _a Murphy, Joseph A.
245 _aWINDOWS :
_bReadings on American Culture /
_cJoseph A. Murphy
260 _aMassachusetts:
_bHEINLE & HEINLE PUBLISHERS,
_c1984.
300 _a244 p.:
_c24 cm.
650 _aEnglish Language
942 _2ddc
_cBK